| 000 | 00690nam a2200229 a 4500 | ||
|---|---|---|---|
| 001 | BRCA_5991 | ||
| 005 | 20190320205306.0 | ||
| 008 | 290311s1972----enka######---#000-0#eng-# | ||
| 020 | _a0715356437 | ||
| 041 | _aeng | ||
| 044 | _aenk | ||
| 050 | 4 |
_aNK1125 _b.B75 1972 |
|
| 245 | 1 | 0 |
_aThe British Antiques Yearbook _b1972-3. |
| 260 |
_aInglaterra _bDavid & Charles _c1972 |
||
| 300 |
_a1055 p. _bil. (algunas a color) _c19 cm. |
||
| 500 | _aIncluye índice de especialistas | ||
| 500 | _aDonación Dr. Héctor Rivero Borrell Vázquez | ||
| 650 | 1 | 4 |
_aAntigüedades _vCatálogos _zInglaterra _915136 |
| 650 | 1 | 4 |
_aArte _xColeccionistas y colecciones _97445 |
| 902 | _aDHR | ||
| 942 |
_2lcc _cB |
||
| 999 |
_c5680 _d5680 |
||